| 000 | 00826nam a22002057a 4500 | ||
|---|---|---|---|
| 003 | OSt | ||
| 005 | 20210301145656.0 | ||
| 008 | 210301s1984 ck a|||gr|||| 00| 0 spa d | ||
| 040 |
_aCO-JMCR _cCO-JMCR |
||
| 041 | 0 | _aspa | |
| 082 | 0 | 4 |
_a324.2861 / _bC397g _223 |
| 110 | 2 |
_aCentro Jorge Eliecer Gaitán _eautor _914169 |
|
| 245 | 1 | 0 |
_aGaitán y la Constituyente del liberalismo de 1947: _bun ejemplo de democracia participativa / _cCentro Jorge Eliecer Gaitán |
| 260 |
_aBogotá : _bCentro Jorge Eliecer Gaitán, _c1984 |
||
| 300 |
_a[71] páginas : _bilustraciones en blanco y negro ; _c21 cm |
||
| 520 | 0 | _aGaitán: "El programa es la línea general de orientación, es el criterio fundamental sobre puntos fundamentales" | |
| 650 | 1 | 4 |
_aPartido Liberal _zColombia _914170 |
| 650 | 1 | 4 |
_aLiberalismo _914171 |
| 942 |
_2ddc _cBK |
||
| 999 |
_c7390 _d7390 |
||